Statistics for Guess the Kendrick Lamar song by its lyrics (hard mode)

Click here to take the quiz!

General Stats

  • This quiz has been taken 31 times
  • The average score is 5 of 10

Answer Stats

HintAnswer% Correct
Stuck up the place before, back in '84
That's when affiliation was really eight gears of war
DUCKWORTH.
77%
My newfound life made all of me magnified
How many accolades do I need to block denial?
FEAR.
62%
'Less you askin' me about power, yeah, I got a lot of it
I'm the only nigga next to Snoop that can push the button
Hood Politics
62%
Love is not just a verb and I can see power steering
Sex drive when you swerve, I want that interference
Poetic Justice
58%
You know the family dynamic's on repeat
The insecurities locked down on PC
United In Grief
46%
So listen close before you start to pass judgement on how we move
Learn how we cope, whenever his uncle had to walk him from school
Mother I Sober
31%
You ain't gotta get drunk to have funNo Make-Up (Her Vice)
31%
I rubbed elbows with people that was for the people
They all greedy, I don't care for no public speaking
Savior
31%
It's deep-rooted, the music of being young and dumb
Its never muted, in fact it's much louder where I'm from
Sherane a.k.a. Master Splinter's Daughter
31%
Sweet lullabies that come with a smell
Of a dozen roses flippin' down the green hill
Real
27%

Score Distribution

Percentile by Number Answered

Percent of People with Each Score

Your Score History

You have not taken this quiz